LEADER 03181nam 22007455 450 001 9910485598803321 005 20251113194809.0 010 $a3-030-75598-3 024 7 $a10.1007/978-3-030-75598-0 035 $a(CKB)5590000000487645 035 $a(MiAaPQ)EBC6648113 035 $a(Au-PeEL)EBL6648113 035 $a(OCoLC)1257292071 035 $a(DE-He213)978-3-030-75598-0 035 $a(EXLCZ)995590000000487645 100 $a20210617d2021 u| 0 101 0 $aeng 135 $aurcnu|||||||| 181 $ctxt$2rdacontent 182 $cc$2rdamedia 183 $acr$2rdacarrier 200 10$aRuthenium-Containing Polymers /$fby Ulrich S. Schubert, Andreas Winter, George R. Newkome 205 $a1st ed. 2021. 210 1$aCham :$cSpringer International Publishing :$cImprint: Springer,$d2021. 215 $a1 online resource (475 pages) 225 1 $aChemistry and Materials Science Series 311 08$a3-030-75597-5 327 $aIntroduction -- Polymers incorporating Ru complexes -- Electropolymerization ? an item-centered view on ruthenopolymers -- Ruthenodendrimers -- Polymers and small-molecule Ru species -- Metal-organic and covalent organic frameworks incorporating Ru species -- Polymer-stabilized Ru nanoparticles. 330 $aThis book presents the synthetic methodologies as well as the properties and potential usage of various ruthenium-containing materials. Starting from the first examples of 'ruthenopolymers' reported in the 1970s to the 3D architectures now synthesized, these materials have shown their importance far beyond fundamental polymer science. As well as highlighting the remarkable properties and versatile applications, this book also addresses a key question related to the applications of such heavy-metal-containing materials from the perspective of achieving a sustainable future. This book is of interest to both materials scientists and chemists in academia and industry. 410 0$aChemistry and Materials Science Series 606 $aPolymers 606 $aSupramolecular chemistry 606 $aOrganometallic chemistry 606 $aCatalysis 606 $aPharmaceutical chemistry 606 $aOptoelectronic devices 606 $aPolymers 606 $aSupramolecular Chemistry 606 $aOrganometallic Chemistry 606 $aCatalysis 606 $aMedicinal Chemistry 606 $aOptoelectronic Devices 615 0$aPolymers. 615 0$aSupramolecular chemistry. 615 0$aOrganometallic chemistry. 615 0$aCatalysis. 615 0$aPharmaceutical chemistry. 615 0$aOptoelectronic devices. 615 14$aPolymers. 615 24$aSupramolecular Chemistry. 615 24$aOrganometallic Chemistry. 615 24$aCatalysis. 615 24$aMedicinal Chemistry. 615 24$aOptoelectronic Devices. 676 $a547.7 700 $aSchubert$b U$g(Ulrich),$0864504 702 $aNewkome$b George R. 702 $aWinter$b Andreas 801 0$bMiAaPQ 801 1$bMiAaPQ 801 2$bMiAaPQ 906 $aBOOK 912 $a9910485598803321 996 $aRuthenium-containing polymers$92865633 997 $aUNINA